Statistics for Largest Cities in the Stan Countries

Click here to take the quiz!

General Stats

  • This quiz has been taken 13 times
  • The average score is 5 of 7

Answer Stats

CountryLargest city% Correct
AfghanistanKabul
100%
UzbekistanTashkent
83%
KazakhstanAlmaty
75%
PakistanKarachi
75%
KyrgyzstanBishkek
67%
TurkmenistanAshgabat
58%
TajikistanDushanbe
58%

Score Distribution

Percentile by Number Answered

Percent of People with Each Score

Your Score History

You have not taken this quiz